Gaming Quiz

Random Gaming or Video Games Quiz
Score 0/108 Timer 12:00
0 Plays Today
Star Character % Correct
TenkaiTir McDohl
98.2%
TeneiGremio
97.5%
TenmanCleo
97%
TenkoViktor
95.9%
TentaiPahn
94.9%
TenanFlik
94%
TenheiTai Ho
91.9%
TenkiMathiu Silverberg
91.7%
TensonYam Koo
90.4%
TengouLepant
90.2%
TensuiTengaar
89.3%
TenrouHix
89.1%
ChikaiLeon Silverberg
89%
ChibiFutch
89%
TenkaiLuc
89%
TensokuStallion
88.9%
TenbiKirkis
88.7%
TenkyuMilich Oppenheimer
88.3%
ChihiMeese
88.2%
ChikyouMoose
88.2%
ChizikuMose
88%
TenyuHumphrey Mintz
88%
TenmouKwanda Rosman
87.8%
ChibakuMaas
87.6%
TensyoValeria
87.6%
TenjyuSonya Schulen
87.3%
ChitatsuViki
86.7%
ChifukuApple
86.7%
ChikyuKasumi
86.7%
TeniPesmerga
86.3%
TeniKage
86%
ChikoMace
86%
ChikeiMeg
84.2%
ChimeiSheena
84.1%
ChisyunJuppo
83.3%
ChiketsuJeane
83.2%
Star Character % Correct
ChitanKuromimi
82.9%
TenyuCamille
82.7%
TenkokuSydonia
81.8%
ChikakuGon
81.8%
TenbouVarkas
81.6%
ChikyouJoshua Levenheit
81.5%
ChihiKai
81.4%
TensatsuFu Su Lu
81.4%
ChikenQlon
81.2%
ChikatsuLorelai
80.9%
TenkouEileen
80.9%
ChizouSarah
80.9%
ChiinMarie
80.4%
ChizokuKrin
79.9%
TenyuKasim Hazil
79.7%
TensyoClive
79.4%
ChisatsuSylvina
79%
ChisyuAntonio
78.8%
ChisokuRubi
78.6%
ChizenCrowley
78.6%
ChichinVincent de Boule
78.6%
ChisuWindow
78.4%
ChimouAlen
78.2%
ChimouTempleton
78%
TenpaiLeonardo
78%
TenkenAnji
77.9%
ChireiLiukan
77.9%
ChiakuRonnie Bell
77.2%
ChiiMilia
77.2%
ChimanGen
77.1%
ChikiGrenseal
76.9%
ChiiMaximillian
76.3%
ChitouBlackman
74.8%
ChieiSancho
74.7%
ChikouChandler
74.2%
ChikouFuma
73.9%
Star Character % Correct
ChikuLotte
73%
ChisonRock
72.8%
TenkiWarren
72.1%
ChikouKimberley
72%
ChisyuHellion
71.4%
TenzaiKanak
70.9%
ChisouLester
70.8%
ChibunTesla
70.5%
ChiyuQuincy
70.4%
ChiheiKirke
70.3%
ChizenOnil
70%
ChiinMina
69.9%
ChisyuGaspar
69.6%
ChiyuIvanov
69.6%
ChitaiMarco
69.4%
ChiretsuSansuke
68.6%
ChiriKamandol
68.6%
ChikaiEsmeralda
68.3%
ChianMorgan
68.2%
ChidoLedon
67.9%
ChisaMelodye
67.8%
ChirakuKasios
67%
ChijyuFukien
66.9%
ChiyuChapman
66.8%
ChiseiJabba
66.7%
ChisinKessler
66.2%
ChisatsuGeorges
66.1%
ChiyouGiovanni
66%
ChiyuEikei
65.1%
TenfuKun To
65.1%
ChisouSergei
64.8%
ChisuiHugo
64.2%
TenritsuGriffith
64.2%
ChimaTaggart
64%
TenkuKreutz
63.8%
ChikeiZen
62.1%
Remove Ads.
Support Sporcle.
Get the best of Sporcle when you Go Orange. This ad-free experience offers more features, more stats, and more fun while also helping to support Sporcle. Thank you for becoming a member.

You're not logged in!

Compare scores with friends on all Sporcle quizzes.
OR
Log In

Show Comments

Extras

Top Quizzes Today


Score Distribution

Your Account Isn't Verified!

In order to create a playlist on Sporcle, you need to verify the email address you used during registration. Go to your Sporcle Settings to finish the process.

Report this User

Report this user for behavior that violates our Community Guidelines.

Details: